000 00549nam a22001577a 4500
999 _c532943
_d532943
020 _qHard Cover.
082 _a660.01
100 _aRabil, Khan
245 _aTo elucidate the therapeutio efficacy of leflunomlde supplemented with polio acid on Type-II Collagen Induced arthtile DADB./o mice /
_cRabil Khan.
260 _aIslamabad :
_bASAB - NUST,
_c2017.
300 _axiii, 96 p. : ill. ;
_c30cm.
942 _2ddc
_cTHE
650 _aMS Thesis
_918721
700 _aDr. Peter John.
_919309